000 00430 a2200169 4500
005 20250605130309.0
008 250604b |||||||| |||| 00| 0 eng d
020 _a9789359478135
_cRs. 500.00
040 _aMAIN
082 _a954
_bS64A
100 _aSinghal, Prabhāta Kumāra
245 _aAdbhuta Bhārat: Dakshini Bhārat
260 _bSāhityāgāra
_c2024
_aJaipur
300 _a239
650 _aHistory
942 _cBK
999 _c361148
_d361148